Tendencie zmien slovenského maloobchodu po vstupe do EU

Salvato in:
Dettagli Bibliografici
Autore principale: Lieskovská, Vanda, 1961-
Natura: Capitolo di libro
Lingua:slovacco
Soggetti:
Tags: Aggiungi Tag
Nessun Tag, puoi essere il primo ad aggiungerne!!

MARC

LEADER 00000naa$a2200000$$$4500
001 0094831
005 20240502083240.8
041 0 |a slo 
044 |a CZ 
245 1 0 |a Tendencie zmien slovenského maloobchodu po vstupe do EU  |c Vanda Lieskovská 
610 2 0 |a maloobchod 
610 2 0 |a siete obchodné 
610 2 0 |a spotrebitelia 
610 2 0 |a ukazovatele 
100 1 |a Lieskovská, Vanda, 1961-